Superhero multiple choice quiz - Statistics

General Stats
  • This quiz has been taken 1,158 times
  • The average score is 8 of 15
Answer Stats
Question Answer % Correct
Who says "Don't make me angry. You wouldn't like me when I'm angry?" Hulk
92%
Oswald Cobblepot is the real name of which Batman villain? Penguin
79%
Who has a hidden retreat called the Fortress of Solitude? Superman
77%
Which alien race possesses the abilty to shapeshift? Skrulls
65%
Which of these is NOT a name that Hank Pym has gone by? Blue Beetle
63%
What secret government project experimented on Wolverine and Deadpool, among others, to enhance their powers? Weapon X
61%
Where is Wonder Woman from? Themiscyra
58%
Who gained their superpowers when their body was accidentally disintegrated in a nuclear research lab? Doctor Manhattan
55%
Which time-traveling mutant is the son of Cyclops and Jean Grey? Cable
52%
Which of these has Dick Grayson NOT been? Red Hood
50%
What happens when Ghost Rider uses his Penance Stare power on someone? They relive all the pain they have ever inflicted on others
42%
Who was the original Flash? Jay Garrick
37%
Who were the original five X-Men? Cyclops, Marvel Girl, Angel, Beast, Iceman
26%
What comics company was formed in 1992 when a group of artists left Marvel to create an alternative where comics could remain creator-owned? Image Comics
26%
What heroine has single-handedly defeated some of the most powerful villains in Marvel Comics, including Doctor Doom and Thanos? Squirrel Girl
26%
No matching quizzes found
Score Distribution
Percent of People with Each Score
Percentile by Number Answered
Your Score History
You have not taken this quiz